ბათუმის შოთა რუსთაველის სახელმწიფო უნივერსიტეტის ბიბლიოთეკა

Projective geometry / (ბიბ.ჩანაწერი № 57290)

000 -LEADER
fixed length control field 01294cam a22003254a 4500
001 - CONTROL NUMBER
control field 14345749
005 - DATE AND TIME OF LATEST TRANSACTION
control field 20200207142000.0
008 - FIXED-LENGTH DATA ELEMENTS--GENERAL INFORMATION
fixed length control field 060419r20061949nyua 001 0 eng
010 ## - LIBRARY OF CONGRESS CONTROL NUMBER
LC control number 2006046275
020 ## - INTERNATIONAL STANDARD BOOK NUMBER
International Standard Book Number 048645326X (pbk.)
040 ## - CATALOGING SOURCE
Original cataloging agency DLC
Transcribing agency DLC
Modifying agency DLC
041 ## - LANGUAGE CODE
Language code of text/sound track or separate title eng
050 00 - LIBRARY OF CONGRESS CALL NUMBER
Classification number QA471
Item number .F3 2006
080 ## - UNIVERSAL DECIMAL CLASSIFICATION NUMBER
Universal Decimal Classification number 514 F-28
082 00 - DEWEY DECIMAL CLASSIFICATION NUMBER
Classification number 516/.5
Edition number 22
100 1# - MAIN ENTRY--PERSONAL NAME
Personal name Faulkner, T. Ewan
Fuller form of name (Thomas Ewan)
9 (RLIN) 6886
245 10 - TITLE STATEMENT
Title Projective geometry /
Statement of responsibility, etc. T. Ewan Faulkner.
250 ## - EDITION STATEMENT
Edition statement Dover ed.
260 ## - PUBLICATION, DISTRIBUTION, ETC.
Place of publication, distribution, etc. Mineola, N.Y. :
Name of publisher, distributor, etc. Dover Publications,
Date of publication, distribution, etc. 2006.
300 ## - PHYSICAL DESCRIPTION
Extent ix, 129 p. :
Other physical details ill. ;
Dimensions 22 cm.
500 ## - GENERAL NOTE
General note Originally published: Edinburgh : Oliver and Boyd ; New York : Interscience Publishers, 1949.
500 ## - GENERAL NOTE
General note Includes index.
650 #0 - SUBJECT ADDED ENTRY--TOPICAL TERM
Topical term or geographic name entry element Geometry, Projective.
9 (RLIN) 6887
653 ## - INDEX TERM--UNCONTROLLED
keyword საპროექტო გეომეტრია
856 41 - ELECTRONIC LOCATION AND ACCESS
Materials specified Table of contents only
Uniform Resource Identifier http://www.loc.gov/catdir/toc/fy0706/2006046275.html
856 42 - ELECTRONIC LOCATION AND ACCESS
Materials specified Publisher description
Uniform Resource Identifier http://www.loc.gov/catdir/enhancements/fy0643/2006046275-d.html
906 ## - LOCAL DATA ELEMENT F, LDF (RLIN)
a 7
b cbc
c orignew
d 1
e ocip
f 20
g y-gencatlg
942 ## - ADDED ENTRY ELEMENTS (KOHA)
Source of classification or shelving scheme
Koha item type წიგნი
ეგზემპლარები
Withdrawn status Lost status Source of classification or shelving scheme Damaged status Not for loan Permanent Location Current Location Shelving location Date acquired Cost, normal purchase price Full call number Barcode Date last seen Copy number Price effective from Koha item type Public note
          ბათუმის შოთა რუსთაველის სახელმწიფო უნივერსიტეტის მთავარი ბიბლიოთეკა ბათუმის შოთა რუსთაველის სახელმწიფო უნივერსიტეტის მთავარი ბიბლიოთეკა წიგნსაცავი 2020-02-07 50.00 514 F-28 633 2020-02-07 633 2020-02-07 წიგნი 50 ლ.
          ბათუმის შოთა რუსთაველის სახელმწიფო უნივერსიტეტის მთავარი ბიბლიოთეკა ბათუმის შოთა რუსთაველის სახელმწიფო უნივერსიტეტის მთავარი ბიბლიოთეკა წიგნსაცავი 2020-02-07 50.00 514 F-28 634 2020-02-07 634 2020-02-07 წიგნი 50 ლ.